Statystyki dla Państwa, które uwielbiają Stany Zjednoczone

Kliknij tutaj aby rozwiązać quiz!

Ogólne statystyki

  • Ten quiz został rozwiązany 95 razy
  • Średni wynik to 13 z 27

Statystyki odpowiedzi

Odpowiedzi% Poprawnych
Wielka Brytania
95%
Kanada
88%
Francja
85%
Niemcy
84%
Japonia
75%
Korea Południowa
70%
Ukraina
68%
Włochy
68%
Australia
67%
Indie
59%
Południowa Afryka
56%
Grecja
52%
Nowa Zelandia
52%
Norwegia
51%
Izrael
50%
Arabia Saudyjska
39%
Kolumbia
34%
Zjednoczone Emiraty Arabskie
30%
Maroko
25%
Bahamy
23%
Panama
22%
Watykan
20%
Kostaryka
17%
Kiribati
14%
Nauru
14%
Papua-Nowa Gwinea
13%
Mikronezja
10%

Rozkład punktacji

Percentyl według liczby udzielonych odpowiedzi

Procent ludzi z każdym wynikiem

Twoja historia wyników

Nie rozwiązałeś tego quizu